WWE Grand Slam Champions - Statistiques

Statistiques générales
  • Ce quiz a été pris 307 fois
  • Le résultat moyen est 14 sur 24
Statistiques - réponses
Grand Slam % Correct
18 Randy Orton
83%
2 Triple H
80%
19 Seth Rollins
78%
14 The Miz
78%
17 Roman Reigns
74%
13 Edge
70%
1 Shawn Michaels
70%
3 Kane
69%
16 Dean Ambrose
67%
21 Rey Mysterio
67%
9 Jeff Hardy
65%
4 Chris Jericho
62%
12 Big Show
58%
20 Kofi Kingston
55%
22 AJ Styles
49%
15 Daniel Bryan
48%
5 Kurt Angle
44%
24 Finn Balor
42%
11 Christian
39%
6 Eddie Guerrero
39%
23 Kevin Owens
39%
10 JBL
31%
7 Rob Van Dam
25%
8 Booker T
23%
Aucun quiz correspondant
Distribution des résultats
% des personnes avec chaque résultat
Percentile par nombre de réponses
Votre historique - résultats
Vous n’avez pas pris ce quiz